000 00428nam a22001337a 4500
020 _a9780241419755
040 _cNUST
082 _a551.46 WOO
100 _aWoodward, John
_988960
245 _a Ocean:
_b a childrens encyclopedia
260 _aLONDON:
_bDK Dorling Kindersley,
_c2019.
650 _aOcean -- Encyclopedias, Juvenile. Marine animals -- Encyclopedias, Juvenile. Ocean -- Encyclopedias
_988961
942 _2ddc
_cREF
999 _c587824
_d587824